| 000 | 00660nam a22002057a 4500 | ||
|---|---|---|---|
| 999 |
_c7959 _d7959 |
||
| 003 | AR-CdUCM | ||
| 008 | 190321b ||||| |||| 00| 0 spa d | ||
| 040 |
_aMUNICIPALIDAD PROVINCIAL DEL CUSCO _cBIBLIOTECA MUNICIPAL DEL CUSCO |
||
| 082 |
_a818.591 / _bH488 |
||
| 100 |
_aHemingway, Ernest _914182 |
||
| 245 | _aIslas en el golfo / | ||
| 260 |
_aBuenos Aires : _bEmece, _c1971. |
||
| 300 |
_a476 páginas ; _c18 cm. |
||
| 505 | _aContenido : Primera parte : Binini -- Segunda parte : Cuba -- Tercera parte : En alta mar ... | ||
| 650 |
_aViajes _9856 |
||
| 650 |
_aIslas del golfo _922492 |
||
| 650 |
_aHistoria _9136 |
||
| 942 |
_2ddc _cLIBROS |
||
| 945 | _arah | ||